<?xml version="1.0" encoding="UTF-8"?>
<collection xmlns="http://www.loc.gov/MARC21/slim">
 <record>
  <leader>01879nam a2200349 a 4500</leader>
  <controlfield tag="001">13652829</controlfield>
  <controlfield tag="003">BD-DhAAL</controlfield>
  <controlfield tag="008">090720s2005    caua     b    001 0 eng d</controlfield>
  <datafield tag="010" ind1=" " ind2=" ">
   <subfield code="a">  2004015978</subfield>
  </datafield>
  <datafield tag="020" ind1=" " ind2=" ">
   <subfield code="a">0787976342 (alk. paper)</subfield>
  </datafield>
  <datafield tag="040" ind1=" " ind2=" ">
   <subfield code="a">DNLM/DLC</subfield>
   <subfield code="c">DLC</subfield>
   <subfield code="d">DLC</subfield>
  </datafield>
  <datafield tag="082" ind1="0" ind2="0">
   <subfield code="a">362.1072</subfield>
   <subfield code="2">22</subfield>
  </datafield>
  <datafield tag="100" ind1="1" ind2=" ">
   <subfield code="a">Ulin, Priscilla R.</subfield>
   <subfield code="9">30146</subfield>
  </datafield>
  <datafield tag="245" ind1="1" ind2="0">
   <subfield code="a">Qualitative methods in public health :</subfield>
   <subfield code="b">a field guide for applied research /</subfield>
   <subfield code="c">Priscilla R. Ulin, Elizabeth T. Robinson, Elizabeth E. Tolley.</subfield>
  </datafield>
  <datafield tag="250" ind1=" " ind2=" ">
   <subfield code="a">First edition.</subfield>
  </datafield>
  <datafield tag="260" ind1=" " ind2=" ">
   <subfield code="a">San Francisco, CA :</subfield>
   <subfield code="b">Jossey-Bass,</subfield>
   <subfield code="c">c2005.</subfield>
  </datafield>
  <datafield tag="300" ind1=" " ind2=" ">
   <subfield code="a">xxii, 318 pages :</subfield>
   <subfield code="b">illustrations ;</subfield>
   <subfield code="c">28 cm.</subfield>
  </datafield>
  <datafield tag="504" ind1=" " ind2=" ">
   <subfield code="a">Includes bibliographical references (p. 287-300) and index.</subfield>
  </datafield>
  <datafield tag="505" ind1="0" ind2=" ">
   <subfield code="a">Invitation to explore -- The language and logic of qualitative research -- Designing the study -- Collecting qualitative data: the science and the art -- Logistics in the field -- Qualitative data analysis -- Putting it into words: reporting qualitative research results -- Disseminating qualitative research.</subfield>
  </datafield>
  <datafield tag="526" ind1=" " ind2=" ">
   <subfield code="x">Salim khan
Sr. program Associate
James P. Grant School.
Course name and no. N/A</subfield>
  </datafield>
  <datafield tag="541" ind1="1" ind2=" ">
   <subfield code="a">A H Development publishing house</subfield>
   <subfield code="e">00018494</subfield>
  </datafield>
  <datafield tag="650" ind1=" " ind2="0">
   <subfield code="a">Public health</subfield>
   <subfield code="x">Research</subfield>
   <subfield code="x">Methodology.</subfield>
   <subfield code="9">30147</subfield>
  </datafield>
  <datafield tag="650" ind1=" " ind2="0">
   <subfield code="a">Qualitative research.</subfield>
   <subfield code="9">30148</subfield>
  </datafield>
  <datafield tag="650" ind1="1" ind2="2">
   <subfield code="a">Public Health.</subfield>
   <subfield code="9">30149</subfield>
  </datafield>
  <datafield tag="650" ind1="1" ind2="2">
   <subfield code="a">Qualitative Research.</subfield>
   <subfield code="9">30150</subfield>
  </datafield>
  <datafield tag="650" ind1="2" ind2="2">
   <subfield code="a">Research Design.</subfield>
   <subfield code="9">30151</subfield>
  </datafield>
  <datafield tag="700" ind1="1" ind2=" ">
   <subfield code="a">Robinson, Elizabeth T.</subfield>
   <subfield code="9">30152</subfield>
  </datafield>
  <datafield tag="700" ind1="1" ind2=" ">
   <subfield code="a">Tolley, Elizabeth E.</subfield>
   <subfield code="9">30153</subfield>
  </datafield>
  <datafield tag="852" ind1="4" ind2=" ">
   <subfield code="a">School of Public Health</subfield>
   <subfield code="j">General Shelf.</subfield>
  </datafield>
  <datafield tag="942" ind1=" " ind2=" ">
   <subfield code="2">ddc</subfield>
   <subfield code="c">BK</subfield>
  </datafield>
  <datafield tag="999" ind1=" " ind2=" ">
   <subfield code="c">2570</subfield>
   <subfield code="d">2570</subfield>
  </datafield>
  <datafield tag="952" ind1=" " ind2=" ">
   <subfield code="0">0</subfield>
   <subfield code="1">0</subfield>
   <subfield code="2">ddc</subfield>
   <subfield code="4">0</subfield>
   <subfield code="6">362_107200000000000_ULI</subfield>
   <subfield code="7">0</subfield>
   <subfield code="9">2341</subfield>
   <subfield code="a">JPGSPH</subfield>
   <subfield code="b">JPGSPH</subfield>
   <subfield code="d">2009-04-29</subfield>
   <subfield code="e">A H Development Publishing House.</subfield>
   <subfield code="g">4200.00</subfield>
   <subfield code="l">0</subfield>
   <subfield code="o">362.1072 ULI</subfield>
   <subfield code="p">3060018494</subfield>
   <subfield code="r">2009-07-21</subfield>
   <subfield code="t">1</subfield>
   <subfield code="w">2009-07-21</subfield>
   <subfield code="y">BK</subfield>
   <subfield code="x">Requisitioned by Salim khan, Sr. program Associate, James P. Grant School. Course name and no. N/A</subfield>
  </datafield>
 </record>
</collection>
